| 000 | 00393nam a2200157Ia 4500 | ||
|---|---|---|---|
| 005 | 20250425025004.0 | ||
| 008 | 240331s9999 xx 000 0 und d | ||
| 020 | _a9558733784 | ||
| 082 |
_bJAY _a891 |
||
| 100 | _aJayathilake,B.M | ||
| 245 | 0 | _aHansa gethaya | |
| 260 |
_aPannipitiya _bStanford Lake ( Private) Co., Ltd _c2004 |
||
| 300 | _a307 p ., | ||
| 650 | _aSinhala Fiction | ||
| 942 | _cL | ||
| 999 |
_c5222 _d5222 |
||